| 000 | 00000nam##2200000za#4500 |
| 001 | 9.568797 |
| 003 | CaOODSP |
| 005 | 20210624181442 |
| 007 | cr ||||||||||| |
| 008 | 150406|2003||||xxc|||||o f|0| 0 eng|d |
| 040 | |aCaOODSP|beng |
| 043 | |an-cn--- |
| 086 | 1 |aBT31-2/2004-III-81E-PDF |
| 110 | 1 |aCanada. |bTreasury Board. |
| 245 | 10|aAtlantic Canada Opportunities Agency - 2003-2004 estimates. Part III, report on plans and priorities |h[electronic resource] |
| 260 | |aOttawa - Ontario : |bTreasury Board of Canada Secretariat |c2003. |
| 300 | |a53p.|bgraph, tables |
| 490 | 1 |a2003-2004 estimates. Part III, report on plans and priorities |
| 590 | |a12-32-Supp|b2012-07-11 |
| 775 | 08|tAgence de promotion économique du Canada atlantique - Budget des dépenses 2003-2004. Partie III, rapport sur les plans et les priorités |w(CaOODSP)9.600064 |
| 776 | 0#|tAgence de promotion économique du Canada atlantique |w(CaOODSP)9.537741 |
| 776 | 0#|tAtlantic Canada Opportunities Agency |w(CaOODSP)9.537740 |
| 830 | #0|a2003-2004 estimates. Part III, report on plans and priorities.|w(CaOODSP)9.504694 |
| 856 | 40|ahttp://publications.gc.ca|qPDF|s825 KB|uhttps://publications.gc.ca/collections/collection_2010/sct-tbs/BT31-2-2004-III-81-eng.pdf |